000 04493cam a22008294i 4500
003 PE-LiUPU
005 20250731170444.0
008 150625s2006 mx a rb 000 0 spa d
020 _a970105704X
020 _a9789701057049
035 _a(Sirsi) i9789701057049
040 _aPE-LiUPU
_bspa
_cPE-LiUPU
_dPE-LiUPU
_erda
041 1 _aspa
_heng
049 _aPRUA
082 0 4 _a155.28
_bC68
_221
082 0 4 _a150.28
_bC72
_220
100 1 _aCohen, Ronald Jay,
_eautor.
245 1 0 _aPruebas y evaluación psicológicas :
_bintroducción a las pruebas y a la medición /
_cRonald Jay Cohen y Mark E. Swerdlik.
250 _aSexta edición.
264 1 _aMéxico :
_bMcGraw - Hill Interamericana,
_c2006.
300 _aPaginación variada :
_bilustraciones ;
_c27 centímetros
336 _atext
_2rdacontent
337 _aunmediated
_2rdamedia
338 _avolume
_2rdacarrier
504 _aIncluye bibliografía.
505 0 _aUna visión general -- La ciencia de la valoración psicológica -- La evaluación de la inteligencia -- La evaluación de la personalidad -- Pruebas y evaluación en acción.
526 _aSEG68
526 _aSEG70
526 _aSEG69
526 _aSEG67
526 _aSEG43
526 _aP144
526 _aP143
526 _aP131
526 _aP122
526 _aP120
526 _aP117
526 _aP112
526 _aP110
526 _aP106
526 _aP101
526 _aP80
526 _aP59
526 _aP54
526 _aP35
526 _aP33
526 _aP30
534 _pTítulo Original :
_tPsychological testing and assessment : an introduction to test and measurement.
541 _g014-0000459;
650 0 4 _aPruebas psicológicas.
650 0 4 _aPsicometría.
700 1 _aIzquierdo Castañeda, María de los Angeles,
_etraductor.
700 1 _aSwerdlik, Mark E.,
_ecoordinador.
942 _2ddc
_cBOOK
949 _a150.28 C72 2006
_wDEWEY
_c1
_iFJ09707
_lCCODEBUJ1
_mBUJ
_p34.00
_r0
_sY
_tBOOK
_u2015-10-14
_xSALUD
_PP33
_0COMPRA
_o.STAFF. Colección General Juliaca
949 _a150.28 C72 2006
_wDEWEY
_c2
_iFJ09708
_lCCODEBUJ1
_mBUJ
_p34.00
_r0
_sY
_tBOOK
_u2015-10-14
_xSALUD
_PP33
_0COMPRA
_o.STAFF. Colección General Juliaca
949 _a150.28 C72 2006
_wDEWEY
_c3
_iFJ09709
_lCCODEBUJ1
_mBUJ
_p34.00
_r0
_sY
_tBOOK
_u2015-10-14
_xSALUD
_PP33
_0COMPRA
_o.STAFF. Colección General Juliaca
949 _a150.28 C72 2006
_wDEWEY
_c8
_iFJ09714
_lCCODEBUJ1
_mBUJ
_p34.00
_r0
_sY
_tBOOK
_u2015-10-14
_xSALUD
_PP33
_0COMPRA
_o.STAFF. Colección General Juliaca
949 _a150.28 C72 2006
_wDEWEY
_c9
_iFJ09818
_lCCODEBUJ1
_mBUJ
_p34.00
_r0
_sY
_tBOOK
_u2017-12-27
_xSALUD
_PP33
_0COMPRA
_o.STAFF. Colección General Juliaca
949 _a155.28 C68 2007
_wDEWEY
_c1
_i59006
_d2016-8-22
_e2016-8-15
_lCCODEBUL1
_mBUL
_n14
_p34.00
_r0
_sY
_tBOOK
_u2015-6-25
_xSALUD
_PP33
_0COMPRA
_o.STAFF. Colección Ciencias de la Salud
994 _aC0
_bPEPRU
596 _a1 3
999 _a155.28 C68 2007
_wDEWEY
_c47846
_i59006
_d47846
_e2016-8-15
_f2021-11-3
_g7
_lCCODEBUL1
_mBUL
_n14
_p34.00
_q4
_r0
_sY
_tBOOK
_u2015-6-25
_xSALUD
_zP33
_0COMPRA
_o.STAFF. Colección Ciencias de la Salud
999 _a150.287 J28 2006
_wDEWEY
_c1
_iFJ09707
_d2019-3-19
_e2019-3-13
_f2022-1-17
_g4
_lCCODEBUJ1
_mBUJ
_n2
_p34.00
_q2
_r0
_sY
_tBOOK
_u2015-10-14
_xSALUD
_PP33
_0COMPRA
_o.STAFF. Colección General Juliaca
999 _a150.287 J28 2006
_wDEWEY
_c2
_iFJ09708
_d2019-11-25
_e2018-8-10
_f2022-1-17
_g4
_lCCODEBUJ1
_mBUJ
_n1
_p34.00
_q3
_r0
_sY
_tBOOK
_u2015-10-14
_xSALUD
_PP33
_0COMPRA
_o.STAFF. Colección General Juliaca
999 _a150.287 J28 2006
_wDEWEY
_c3
_iFJ09709
_d2019-9-19
_f2022-1-17
_g4
_lCCODEBUJ1
_mBUJ
_p34.00
_q1
_r0
_sY
_tBOOK
_u2015-10-14
_xSALUD
_PP33
_0COMPRA
_o.STAFF. Colección General Juliaca
999 _a150.287 J28 2006
_wDEWEY
_c8
_iFJ09714
_d2019-8-21
_e2018-8-15
_f2022-1-17
_g4
_lCCODEBUJ1
_mBUJ
_n5
_p34.00
_q6
_r0
_sY
_tBOOK
_u2015-10-14
_xSALUD
_PP33
_0COMPRA
_o.STAFF. Colección General Juliaca
999 _a150.287 J28 2006
_wDEWEY
_c9
_iFJ09818
_d2019-8-21
_e2018-8-13
_f2022-1-17
_g4
_lCCODEBUJ1
_mBUJ
_n2
_p34.00
_q4
_r0
_sY
_tBOOK
_u2015-10-16
_xSALUD
_PP33
_0COMPRA
_o.STAFF. Colección General Juliaca
999 _a150.287 J28 2006
_wDEWEY
_c10
_iFJ07731
_f2022-1-17
_g4
_lCCODEBUJ1
_mBUJ
_p15.30
_r0
_sY
_tBOOK
_u2017-4-26
_xSALUD
_PP33
_0COMPRA
_o.STAFF. Colección General Juliaca
980 _81
_gALBERTO SANCHEZ Responsable de Automatización